[Event "Xmas Glyfada Open"]
[Site "Glyfada, Athens"]
[Date "2009.12.23"]
[Round "1"]
[White "Sorolis, N."]
[Black "Delithanasis, Dimitrios"]
[Result "0-1"]
[WhiteElo "2500"]
[BlackElo "2252"]
[PlyCount "63"]
[EventDate "2009.??.??"]

1. e4 e6 2. Nf3 d5 3. exd5 exd5 4. d4 Nc6 5. Be2 Bd6 6. Nc3 Nge7 7. O-O a6 8.
Bg5 Be6 9. a3 f6 10. Bc1 Qd7 11. Re1 O-O 12. Nh4 g5 13. Nf3 Ng6 14. h3 Nce7 15.
Bf1 Nf5 16. Qe2 Rae8 17. Qd3 Kg7 18. Ne2 h5 19. Nh2 Rh8 20. f4 gxf4 21. Nf3 Bf7
22. b3 c5 23. Bb2 c4 24. bxc4 dxc4 25. Qc3 Bd5 26. Kf2 Re3 27. Qa5 Qc6 28. Neg1
b6 29. Qd2 c3 30. Bxc3 Qxc3 31. Qxc3 Rxc3 32. Bd3 0-1

[Event "Xmas Glyfada Open"]
[Site "Glyfada, Athens"]
[Date "2009.12.23"]
[Round "1"]
[White "Dorfanis, Ilarion"]
[Black "Mile, Erwin"]
[Result "1-0"]
[WhiteElo "2200"]
[BlackElo "1450"]
[PlyCount "57"]
[EventDate "2009.??.??"]

1. d4 e6 2. e4 d5 3. Nc3 Bb4 4. Nge2 dxe4 5. a3 Bxc3+ 6. Nxc3 c5 7. dxc5 Qxd1+
8. Kxd1 Nf6 9. Nb5 Na6 10. Nd6+ Ke7 11. Bxa6 bxa6 12. Bg5 Rd8 13. Ke2 h6 14.
Bxf6+ gxf6 15. Nxe4 Rd5 16. b4 Re5 17. Kd3 Bb7 18. Nd6 Bxg2 19. Rhg1 Bf3 20.
Rg3 Bh5 21. f4 Rd5+ 22. Kc3 Bg6 23. Re1 Rh5 24. Re2 Rb8 25. Rd2 a5 26. c6 Kd8
27. Nxf7+ Kc7 28. Rxg6 axb4+ 29. axb4 1-0

[Event "Xmas Glyfada Open"]
[Site "Glyfada, Athens"]
[Date "2009.12.23"]
[Round "1"]
[White "Mihaloudis, G."]
[Black "Skalkotas, Nikolaos"]
[Result "0-1"]
[WhiteElo "1440"]
[BlackElo "2189"]
[PlyCount "68"]
[EventDate "2009.??.??"]

1. d4 Nf6 2. c4 g6 3. Nc3 Bg7 4. e4 O-O 5. Nf3 d6 6. Be2 e5 7. O-O Na6 8. Be3
Ng4 9. Bg5 f6 10. Bc1 Qe8 11. h3 Nh6 12. Ne1 exd4 13. Bxh6 dxc3 14. Bxg7 Kxg7
15. Qc2 cxb2 16. Rb1 Nc5 17. f3 Bd7 18. Qxb2 Qe5 19. Nd3 Nxd3 20. Bxd3 Bc6 21.
Rfd1 Rae8 22. Qd2 Qd4+ 23. Kh1 Re5 24. Rb2 Rfe8 25. Bb1 Qxc4 26. Rc1 Qa4 27.
Bc2 Qa5 28. Qd1 d5 29. Bb3 dxe4 30. Rxc6 bxc6 31. Qd7+ R5e7 32. Qxc6 exf3 33.
Qxf3 Qe1+ 34. Kh2 Qe5+ 0-1

[Event "Xmas Glyfada Open"]
[Site "Glyfada, Athens"]
[Date "2009.12.23"]
[Round "1"]
[White "Sienczewski, Zbigniew"]
[Black "Digalakis, Georgios"]
[Result "1-0"]
[WhiteElo "2166"]
[BlackElo "1430"]
[PlyCount "49"]
[EventDate "2009.??.??"]

1. c4 e6 2. Nf3 Nf6 3. g3 Nc6 4. Bg2 Bc5 5. O-O O-O 6. d4 Be7 7. d5 exd5 8.
cxd5 Nb4 9. Nc3 d6 10. a3 Na6 11. b4 c5 12. dxc6 bxc6 13. Nd4 Bb7 14. Bxc6 Bxc6
15. Nxc6 Qc7 16. Nxe7+ Qxe7 17. Bb2 Nc7 18. Qd3 Rfe8 19. Rad1 Rad8 20. Rd2 d5
21. Nb5 Ne4 22. Nxc7 Nxd2 23. Nxe8 Nxf1 24. Nxg7 Qg5 25. Kxf1 1-0

[Event "Xmas Glyfada Open"]
[Site "Glyfada, Athens]"]
[Date "2009.12.23"]
[Round "1"]
[White "Psaras, Stilianos"]
[Black "Latsinos, Theofanis"]
[Result "1-0"]
[WhiteElo "2137"]
[BlackElo "1330"]
[PlyCount "59"]
[EventDate "2009.??.??"]

1. d4 Nf6 2. c4 g6 3. Nc3 d5 4. Bf4 Bg7 5. e3 O-O 6. Nf3 e6 7. Rc1 c6 8. Qb3
dxc4 9. Bxc4 Nbd7 10. e4 Nb6 11. Be2 Re8 12. Rd1 a5 13. a4 Nh5 14. Be3 Nd7 15.
O-O Qe7 16. Rfe1 Qb4 17. Qc2 Nhf6 18. h3 Rb8 19. Bd2 Qe7 20. e5 Nd5 21. Ne4 Nb4
22. Qc3 c5 23. Bg5 f6 24. exf6 Bxf6 25. Nxf6+ Nxf6 26. dxc5 Rf8 27. Bf4 Ra8 28.
Bc4 Qf7 29. Bd6 Re8 30. Ng5 1-0

[Event "Xmas Glyfada Open"]
[Site "Glyfada, Athens"]
[Date "2009.12.23"]
[Round "1"]
[White "Tsivourakis, Pantelis"]
[Black "Poteas, Ioannis"]
[Result "0-1"]
[WhiteElo "1365"]
[BlackElo "2159"]
[PlyCount "84"]
[EventDate "2009.??.??"]

1. d4 d5 2. c4 e6 3. Nc3 c6 4. Nf3 Bd6 5. Bg5 Nf6 6. e3 Nbd7 7. cxd5 exd5 8.
Bd3 O-O 9. Qc2 Qc7 10. O-O Re8 11. Rac1 a6 12. Bf5 Qb8 13. Rfe1 g6 14. Bxd7
Nxd7 15. e4 dxe4 16. Rxe4 Rxe4 17. Qxe4 Nf8 18. Bf6 Bf5 19. Qh4 Nd7 20. Bg5 Bf8
21. Bf4 Qd8 22. Qg3 Qb6 23. b3 Nf6 24. Be5 Qd8 25. h4 Nh5 26. Qh2 Qa5 27. Bc7
Qb4 28. d5 Bh6 29. Bd6 c5 30. Ng5 f6 31. f3 fxg5 32. g4 gxh4 33. gxf5 Bxc1 34.
Ne4 Qe1+ 35. Kg2 Qe2+ 36. Nf2 g5 37. Bb8 Bf4 38. Bxf4 Nxf4+ 39. Kh1 Re8 40. Qg1
Qxf3+ 41. Kh2 h6 42. Qf1 Re2 0-1

[Event "Xmas Glyfada Open"]
[Site "Glyfada, Athens"]
[Date "2009.12.23"]
[Round "1"]
[White "Detsikas, Dimitrios"]
[Black "Trivizas, Mihail"]
[Result "0-1"]
[WhiteElo "1244"]
[BlackElo "2040"]
[PlyCount "54"]
[EventDate "2009.??.??"]

1. e4 c5 2. Nf3 e6 3. d4 cxd4 4. Nxd4 a6 5. Nc3 b5 6. a3 Bb7 7. Bd3 Qb6 8. Nb3
Nc6 9. Be3 Qc7 10. f4 b4 11. Na4 bxa3 12. bxa3 Nf6 13. O-O d5 14. Bb6 Qc8 15.
exd5 Nxd5 16. c4 Nf6 17. f5 Ne5 18. fxe6 Qc6 19. exf7+ Kxf7 20. Ra2 Nxd3 21.
Nd4 Qd7 22. Rxf6+ gxf6 23. Qh5+ Kg8 24. Nf5 Qe8 25. Qg4+ Qg6 26. Nh6+ Bxh6 27.
Qe6+ Qf7 0-1

[Event "Xmas Glyfada Open"]
[Site "Glyfada, Athens"]
[Date "2009.12.23"]
[Round "1"]
[White "Xaxiris, Evangelos"]
[Black "Sideris, Nikolaos"]
[Result "1-0"]
[WhiteElo "2052"]
[BlackElo "1290"]
[PlyCount "55"]
[EventDate "2009.??.??"]

1. d4 a6 2. c4 b5 3. e4 Bb7 4. f3 e6 5. Be3 d6 6. cxb5 c5 7. bxc6 Nxc6 8. Nc3
Nf6 9. Rc1 e5 10. Bc4 Qd7 11. Nge2 exd4 12. Nxd4 Nxd4 13. Bxd4 d5 14. Bb3 Bb4
15. O-O Bxc3 16. Rxc3 O-O 17. e5 Nh5 18. f4 g6 19. Bc2 f5 20. exf6 Nxf6 21. Ba4
Qd6 22. Qb3 Qb8 23. f5 Re8 24. Bxf6 Re2 25. fxg6 hxg6 26. Rg3 Qc7 27. Rxg6+ Kf7
28. Rg7+ 1-0

[Event "Xmas Glyfada Open"]
[Site "Glyfada, Athens"]
[Date "2009.12.24"]
[Round "2"]
[White "Skalkotas, Nikolaos"]
[Black "Dimopoulos, Dimitrios"]
[Result "1-0"]
[WhiteElo "2189"]
[BlackElo "1889"]
[PlyCount "105"]
[EventDate "2009.??.??"]

1. Nf3 Nf6 2. c4 g6 3. d4 Bg7 4. g3 O-O 5. Bg2 d6 6. Nc3 Nc6 7. h3 e5 8. Be3
Nh5 9. dxe5 dxe5 10. Qxd8 Rxd8 11. Nd5 Rd7 12. O-O-O Nf6 13. Ng5 h6 14. Nxf6+
Bxf6 15. Ne4 Bg7 16. Nc5 Rxd1+ 17. Rxd1 Nd4 18. Bxd4 exd4 19. Bxb7 Bxb7 20.
Nxb7 Re8 21. Rd2 Kf8 22. Nc5 Ke7 23. Nb3 Rd8 24. Kc2 f5 25. Kd3 Ke6 26. Rc2 Rd6
27. c5 Ra6 28. a3 Kd5 29. Rc4 Rd6 30. Ra4 a6 31. Ra5 Rc6 32. Ra4 h5 33. Rb4 Bf6
34. Rb8 h4 35. Nxd4 Rxc5 36. Nc2 hxg3 37. fxg3 Rb5 38. Nb4+ Kd6 39. Ra8 Bxb2
40. Rxa6+ Rb6 41. Rxb6+ cxb6 42. a4 Be5 43. g4 fxg4 44. hxg4 Bf6 45. Ke4 Bg5
46. Nd3 Bf6 47. Nf4 g5 48. Nd5 Bd8 49. Kd4 Kc6 50. Kc4 Kd6 51. e4 Ke5 52. Kb5
Kxe4 53. Nxb6 1-0

[Event "Xmas Glyfada Open"]
[Site "Glyfada, Athens"]
[Date "2009.12.24"]
[Round "2"]
[White "Delithanasis, Dimitrios"]
[Black "Geroukalis, Athanasios"]
[Result "1-0"]
[WhiteElo "2252"]
[BlackElo "1958"]
[PlyCount "47"]
[EventDate "2009.??.??"]

1. d4 d5 2. Nf3 e6 3. c4 f5 4. Nc3 c6 5. Bf4 Bd6 6. e3 Nf6 7. Bd3 O-O 8. O-O
Ne4 9. Rc1 Nd7 10. cxd5 exd5 11. Bxe4 fxe4 12. Bxd6 exf3 13. Bxf8 fxg2 14. Re1
Nxf8 15. e4 Ng6 16. Qf3 Nh4 17. Qg3 Qf6 18. Re3 Be6 19. exd5 Bxd5 20. Nxd5 cxd5
21. Qg4 Nf5 22. Re5 Rf8 23. Rc7 Nh4 24. Qe6+ 1-0

[Event "Xmas Glyfada Open"]
[Site "Glyfada, Athens]"]
[Date "2009.12.24"]
[Round "2"]
[White "Kampitsis, Vasilios"]
[Black "Psaras, Stilianos"]
[Result "0-1"]
[WhiteElo "1887"]
[BlackElo "2137"]
[PlyCount "34"]
[EventDate "2009.??.??"]

1. c4 e6 2. d4 d5 3. cxd5 exd5 4. Nc3 c5 5. Nf3 Nc6 6. e3 Nf6 7. Be2 c4 8. Ne5
Bb4 9. Nxc6 bxc6 10. O-O O-O 11. Bd2 Rb8 12. Qc2 Re8 13. Nb1 Bd6 14. f3 c5 15.
Re1 cxd4 16. exd4 Qb6 17. Bc3 Qc7 0-1

[Event "Xmas Glyfada Open"]
[Site "Glyfada, Athens"]
[Date "2009.12.24"]
[Round "2"]
[White "Poteas, Ioannis"]
[Black "Mouratidis, Haralabos"]
[Result "1-0"]
[WhiteElo "2159"]
[BlackElo "1857"]
[PlyCount "61"]
[EventDate "2009.??.??"]

1. d4 d5 2. Nf3 Nf6 3. Bg5 e6 4. c3 h6 5. Bh4 Nbd7 6. Nbd2 Be7 7. e3 O-O 8. Bd3
c5 9. O-O b6 10. Ne5 Bb7 11. f4 Ne8 12. Bxe7 Qxe7 13. Qh5 Ndf6 14. Qh4 Nd6 15.
Rf3 Rae8 16. Qh3 Nde4 17. Bxe4 dxe4 18. Rf2 Nd7 19. Ndc4 b5 20. Nxd7 Qxd7 21.
Ne5 Qc7 22. g4 cxd4 23. cxd4 f6 24. Ng6 Rf7 25. Kh1 Qa5 26. Rg1 Kh7 27. Qh5
Qxa2 28. g5 fxg5 29. Ne5 Rff8 30. Rxg5 Rf5 31. Qg6+ 1-0

[Event "Xmas Glyfada Open"]
[Site "2"]
[Date "2009.12.24"]
[Round "2"]
[White "Savoglou, Nikolaos"]
[Black "Dorfanis, Ilarion"]
[Result "0-1"]
[WhiteElo "1962"]
[BlackElo "2200"]
[PlyCount "108"]
[EventDate "2009.??.??"]

1. d4 Nf6 2. c4 e6 3. Nc3 Bb4 4. Nf3 b6 5. Qb3 Qe7 6. Bg5 Bb7 7. e3 a5 8. a3
Bxc3+ 9. Qxc3 Ne4 10. Bxe7 Nxc3 11. Bh4 Ne4 12. Bd3 O-O 13. O-O h6 14. Rfd1 g5
15. Bg3 Nxg3 16. hxg3 f5 17. c5 Bd5 18. cxb6 cxb6 19. Rac1 Nc6 20. Ne5 Nxe5 21.
dxe5 Bc6 22. Bc4 Rfc8 23. Bb3 a4 24. Ba2 Ra5 25. f4 Rc5 26. b4 axb3 27. Bxb3
Bb5 28. Rxc5 Rxc5 29. a4 Bc6 30. Rd4 Rc1+ 31. Kf2 Rb1 32. Bd1 Rb2+ 33. Be2 Ra2
34. Rb4 Bxa4 35. Ke1 Bc6 36. Rxb6 g4 37. Rb8+ Kf7 38. Rd8 Ke7 39. Rh8 Bxg2 40.
Rh7+ Kd8 41. Rxh6 Bc6 42. Rh7 Ra1+ 43. Kf2 Kc7 44. Bc4 Kb6 45. Rh8 Kc5 46. Be2
Kb4 47. Rd8 Rh1 48. e4 Bxe4 49. Rxd7 Rh2+ 50. Kf1 Kc3 51. Rd6 Bd5 52. Rb6 Kd2
53. Rb2+ Ke3 54. Ke1 Bc4 0-1

[Event "Xmas Glyfada Open"]
[Site "Glyfada, Athens"]
[Date "2009.12.24"]
[Round "2"]
[White "Sideris, Theodoros"]
[Black "Matsakis, Michael"]
[Result "1-0"]
[WhiteElo "2026"]
[BlackElo "1000"]
[PlyCount "65"]
[EventDate "2009.??.??"]

1. e4 c5 2. c3 g6 3. d4 cxd4 4. cxd4 Bg7 5. Nc3 d6 6. Nf3 a6 7. Bc4 Nc6 8. O-O
Nf6 9. h3 O-O 10. d5 Na5 11. Bd3 b5 12. Be3 Rb8 13. b4 Nc4 14. Bxc4 bxc4 15.
Nd4 Bd7 16. Rb1 Rb7 17. a4 Qb8 18. b5 axb5 19. axb5 Bxb5 20. Rxb5 Rxb5 21.
Ncxb5 Nxe4 22. Qa4 Qb7 23. Qxc4 Bxd4 24. Nxd4 Nf6 25. Nc6 h5 26. Bg5 Kg7 27.
Bxf6+ exf6 28. Re1 Rc8 29. Qf4 Qb2 30. Re7 Qa3 31. Nd4 g5 32. Nf5+ Kg6 33. Qe4
1-0

[Event "Xmas Glyfada Open"]
[Site "Glyfada, Athens"]
[Date "2009.12.24"]
[Round "2"]
[White "Gkougkousis, Nikolaos"]
[Black "Kivelos, Sotirios"]
[Result "0-1"]
[WhiteElo "1650"]
[BlackElo "1964"]
[PlyCount "98"]
[EventDate "2009.??.??"]

1. e4 g6 2. d4 Bg7 3. Nf3 c6 4. c3 d5 5. e5 Nh6 6. h3 f6 7. exf6 exf6 8. g4 O-O
9. Bd3 Re8+ 10. Be3 f5 11. Kd2 fxg4 12. hxg4 Nxg4 13. Qc2 Nxe3 14. fxe3 Qf6 15.
Rf1 Bg4 16. Ne5 Qh4 17. Nxg4 Qxg4 18. Na3 Bh6 19. Rae1 Qg2+ 20. Kd1 Qxc2+ 21.
Nxc2 Nd7 22. e4 Kg7 23. exd5 cxd5 24. Bb5 Rxe1+ 25. Rxe1 Nf6 26. Re7+ Kf8 27.
Rxb7 Bf4 28. Bd3 a5 29. Rb6 Kg7 30. Rb7+ Kh6 31. Rf7 Kg5 32. Ne1 Ne4 33. Bxe4
dxe4 34. Rxh7 Rb8 35. Kc2 Kg4 36. Re7 Kf5 37. Ng2 g5 38. Nxf4 gxf4 39. Re5+ Kg4
40. Rxe4 Kg3 41. Re5 a4 42. Rg5+ Kh4 43. Rg1 f3 44. d5 f2 45. Rd1 Re8 46. d6
Re2+ 47. Kd3 Re1 48. Rd2 f1=Q+ 49. Kd4 Qf4+ 0-1

[Event "Xmas Glyfada Open"]
[Site "?"]
[Date "2009.12.26"]
[Round "3"]
[White "Lagousis, A."]
[Black "Skalkotas, Nikolaos"]
[Result "0-1"]
[WhiteElo "2010"]
[BlackElo "2189"]
[PlyCount "43"]
[EventDate "2009.12.27"]

1. e4 c5 2. Nc3 Nc6 3. f4 e6 4. Nf3 a6 5. g3 d5 6. d3 Nf6 7. Ne5 Qc7 8. Bg2 d4
9. Nxc6 Qxc6 10. Ne2 b5 11. O-O Bb7 12. a4 Be7 13. axb5 axb5 14. Rxa8+ Bxa8 15.
h3 h5 16. Rf2 Qa6 17. e5 Nd7 18. f5 Bxg2 19. Kxg2 Qc6+ 20. Kh2 Nxe5 21. Nf4
Ng4+ 22. Kg1 0-1

[Event "Xmas Glyfada Open"]
[Site "?"]
[Date "2009.12.26"]
[Round "3"]
[White "Kalergis, Nikolaos"]
[Black "Sorolis, N."]
[Result "0-1"]
[WhiteElo "2009"]
[BlackElo "1500"]
[PlyCount "88"]
[EventDate "2009.12.27"]

1. d4 d5 2. Nf3 Nf6 3. Bf4 Bf5 4. e3 e6 5. c3 Bd6 6. Ne5 Nbd7 7. Be2 O-O 8. g4
Bxb1 9. Qxb1 Ne4 10. h4 f6 11. Nxd7 Qxd7 12. Bd3 e5 13. Bxe4 dxe4 14. Bg3 Qxg4
15. h5 exd4 16. Bxd6 d3 17. Qd1 Qxd1+ 18. Rxd1 cxd6 19. Rh4 Rfe8 20. Rf4 Re5
21. h6 Rae8 22. Kd2 Rg5 23. Rh1 g6 24. Rxf6 Rf8 25. Rxd6 Rxf2+ 26. Kc1 Rb5 27.
b4 Rbf5 28. Rd8+ Rf8 29. Rd7 Rc2+ 30. Kb1 Rxc3 31. Rg7+ Kh8 32. Rxb7 d2 33. Rd7
Rd3 34. Rxd3 exd3 35. Rd1 Rf2 36. Kb2 g5 37. Kc3 g4 38. Kxd3 g3 39. Rg1 g2 40.
Kc2 d1=Q+ 41. Kxd1 Rf1+ 42. Ke2 Rxg1 43. Kf2 Re1 44. Kxg2 Rxe3 0-1

[Event "Xmas Glyfada Open"]
[Site "?"]
[Date "2009.12.26"]
[Round "3"]
[White "Dorfanis, Ilarion"]
[Black "Trivizas, Mihail"]
[Result "1-0"]
[WhiteElo "2200"]
[BlackElo "2040"]
[PlyCount "68"]
[EventDate "2009.12.27"]

1. e4 c5 2. Nf3 e6 3. Nc3 a6 4. g3 b5 5. Bg2 Bb7 6. d3 Nc6 7. O-O d6 8. Re1 Qc7
9. d4 Nxd4 10. Nxd4 cxd4 11. Qxd4 Ne7 12. Be3 Nc6 13. Qb6 Qxb6 14. Bxb6 Be7 15.
f4 O-O 16. Rad1 Bd8 17. Bf2 Bc7 18. e5 d5 19. Bc5 Rfe8 20. b4 Bb8 21. a4 bxa4
22. Nxa4 Ba7 23. c3 Rec8 24. Ra1 Nb8 25. Bxa7 Rxa7 26. Nc5 Bc6 27. Bf1 a5 28.
Rxa5 Rxa5 29. bxa5 Ba8 30. Rb1 Nc6 31. a6 Rc7 32. Rb6 Kf8 33. Bb5 Ke7 34. Bxc6
Rxc6 1-0

[Event "Xmas Glyfada Open"]
[Site "?"]
[Date "2009.12.26"]
[Round "3"]
[White "Xaxiris, Evangelos"]
[Black "Harokopakis, Georgios"]
[Result "1-0"]
[WhiteElo "2052"]
[BlackElo "1905"]
[PlyCount "73"]
[EventDate "2009.12.27"]

1. d4 d5 2. e4 e6 3. Nc3 Nf6 4. a3 dxe4 5. f3 c5 6. Be3 cxd4 7. Bxd4 Nc6 8. Bb5
Bd7 9. Be3 exf3 10. Nxf3 Qc7 11. Qe2 Be7 12. O-O Ng4 13. Kh1 Nxe3 14. Qxe3 O-O
15. Bd3 f5 16. Bc4 Rf6 17. Rad1 a6 18. h3 b5 19. Bb3 Na5 20. Nd5 exd5 21. Bxd5+
Kh8 22. Bxa8 Bc5 23. Qe5 Bd6 24. Qd4 Nc4 25. Rfe1 f4 26. Ng5 Ne3 27. Rd2 Nf5
28. Qc3 Ng3+ 29. Kh2 Qb8 30. Bf3 Bc8 31. Re8+ Rf8 32. Rxf8+ Bxf8 33. Qd4 Nf1+
34. Kh1 Nxd2 35. Qxd2 g6 36. Qd4+ Kg8 37. Bd5+ 1-0

[Event "Xmas Glyfada Open"]
[Site "?"]
[Date "2009.12.27"]
[Round "3"]
[White "Kivelos, Sotirios"]
[Black "Poteas, Ioannis"]
[Result "1/2-1/2"]
[WhiteElo "1964"]
[BlackElo "2159"]
[PlyCount "66"]
[EventDate "2009.12.27"]

1. d4 d5 2. c4 e6 3. Nc3 c6 4. cxd5 exd5 5. Nf3 Bf5 6. e3 Nf6 7. Bd3 Bxd3 8.
Qxd3 Nbd7 9. O-O Bb4 10. Nd2 O-O 11. a3 Be7 12. f3 c5 13. Qe2 Re8 14. dxc5 Bxc5
15. Nb3 Qb6 16. Nxc5 Nxc5 17. Qb5 Qxb5 18. Nxb5 Nb3 19. Rb1 Nxc1 20. Rfxc1 Rxe3
21. Rc7 Rd8 22. Rxb7 a6 23. Kf2 Rd3 24. Ke2 Rb3 25. Nd6 Rxb7 26. Nxb7 Rb8 27.
Na5 Kf8 28. b4 Ke8 29. Rc1 Kd7 30. Kd3 Re8 31. Rc6 Re6 32. Rc1 Re8 33. Nb7 Ra8
1/2-1/2

[Event "Xmas Glyfada Open"]
[Site "?"]
[Date "2009.12.26"]
[Round "3"]
[White "Tzamouranis, Dimitrios"]
[Black "Delithanasis, Dimitrios"]
[Result "1/2-1/2"]
[WhiteElo "2133"]
[BlackElo "2252"]
[PlyCount "95"]
[EventDate "2009.12.27"]

1. e4 e6 2. d4 d5 3. Nc3 Bb4 4. exd5 exd5 5. Bd3 Nc6 6. Nge2 Nge7 7. O-O O-O 8.
Bg5 f6 9. Bf4 Be6 10. a3 Ba5 11. b4 Bb6 12. Na4 Ng6 13. c3 Nce7 14. Qc2 Qd7 15.
Rfe1 Rfe8 16. Bg3 Nf5 17. Nf4 Nxf4 18. Bxf4 g6 19. Re2 Re7 20. Nc5 Bxc5 21.
dxc5 b6 22. cxb6 cxb6 23. Rae1 Rc8 24. Qb3 Bf7 25. Rxe7 Nxe7 26. Qc2 Nf5 27. h3
g5 28. Be3 Re8 29. Qd2 Kg7 30. Bxf5 Qxf5 31. Bd4 Rxe1+ 32. Qxe1 Qe4 33. Qd1 Bg6
34. Qa4 Qe7 35. Qc6 Bf7 36. a4 Kg6 37. a5 bxa5 38. bxa5 Qe6 39. Qxe6 Bxe6 40.
Bxa7 Bf5 41. f3 Bd3 42. Kf2 Kf5 43. Bd4 Ke6 44. g4 f5 45. f4 fxg4 46. fxg5 gxh3
47. Kg3 Bf1 48. a6 1/2-1/2

[Event "Xmas Glyfada Open"]
[Site "?"]
[Date "2009.12.26"]
[Round "3"]
[White "Geroukalis, Athanasios"]
[Black "Mile, Erwin"]
[Result "1-0"]
[WhiteElo "1958"]
[BlackElo "1450"]
[PlyCount "61"]
[EventDate "2009.12.27"]

1. e4 Nf6 2. e5 Nd5 3. d4 d6 4. Nf3 Bf5 5. Bc4 Nb6 6. Bb3 e6 7. O-O Be7 8. Bf4
d5 9. a4 a5 10. Nc3 g5 11. Be3 h5 12. Nb5 Na6 13. c4 dxc4 14. Bc2 g4 15. Bxf5
exf5 16. Nd2 Qd7 17. Rc1 Nd5 18. Nxc4 f4 19. Bd2 b6 20. e6 Qxe6 21. Re1 Qf6 22.
Ne5 O-O 23. Nd7 Qf5 24. Nxf8 Kxf8 25. Qc2 Qxc2 26. Rxc2 f6 27. Rc6 Rd8 28. Bc3
Nb8 29. Rce6 Kf7 30. Nxc7 Ne3 31. fxe3 1-0

[Event "Xmas Glyfada Open"]
[Site "?"]
[Date "2009.12.27"]
[Round "4"]
[White "Sienczewski, Zbigniew"]
[Black "Tzamouranis, Dimitrios"]
[Result "1/2-1/2"]
[WhiteElo "2166"]
[BlackElo "2133"]
[Annotator ",sd"]
[PlyCount "70"]
[EventDate "2009.??.??"]

1. c4 c6 2. Nf3 Nf6 3. g3 d5 4. b3 Bf5 5. Bg2 e6 6. O-O h6 7. d3 Be7 8. Bb2
Nbd7 9. Nbd2 O-O 10. Qc2 Bh7 11. a3 a5 12. Bc3 b5 13. cxb5 cxb5 14. Qb2 Qb6 15.
Ne5 Nc5 16. Bd4 Qb7 17. Rfc1 Rfc8 18. Rc2 Rc7 19. Rac1 Rac8 20. Bf3 Bf8 21. h3
Ne8 22. Bh5 g6 23. Bf3 g5 24. Bg2 f6 25. Nef3 e5 26. Be3 Nd7 27. Rxc7 Rxc7 28.
Rxc7 Qxc7 29. d4 e4 30. Ne1 Bd6 31. a4 b4 32. Qc2 Kg7 33. Qxc7 Bxc7 34. h4 Bg8
35. Bh3 Nb6 {...(43)} 1/2-1/2

[Event "Xmas Glyfada Open"]
[Site "?"]
[Date "2009.12.27"]
[Round "4"]
[White "Gkougkousis, Nikolaos"]
[Black "Lagousis, A."]
[Result "0-1"]
[WhiteElo "1650"]
[BlackElo "2010"]
[PlyCount "38"]
[EventDate "2009.??.??"]

1. e4 e5 2. Nf3 d6 3. Bc4 Nc6 4. c3 g6 5. d3 Bg7 6. b4 Nge7 7. Bb3 O-O 8. h3 h6
9. Nh2 Kh7 10. Nd2 f5 11. f3 d5 12. Qc2 d4 13. Bb2 dxc3 14. Bxc3 Nd4 15. Bxd4
Qxd4 16. Rc1 Nc6 17. a3 Qe3+ 18. Kf1 Nd4 19. Qc3 Ne2 0-1

[Event "Xmas Glyfada Open"]
[Site "?"]
[Date "2009.12.27"]
[Round "4"]
[White "Koutsobinas, G."]
[Black "Hondrovasilopoulos, Ioannis"]
[Result "0-1"]
[WhiteElo "1781"]
[BlackElo "1590"]
[PlyCount "42"]
[EventDate "2009.??.??"]

1. d4 d5 2. c4 c6 3. Nc3 Nf6 4. Nf3 Bf5 5. Qb3 b6 6. Ne5 e6 7. Bg5 Be7 8. e3
O-O 9. Rc1 Ne4 10. Bxe7 Qxe7 11. Nf3 Nd7 12. cxd5 exd5 13. Be2 Ndf6 14. O-O Bg4
15. Rfd1 Rac8 16. a4 Rfe8 17. Ne5 Nxc3 18. Bxg4 Nxg4 19. Qxc3 Nxe5 20. dxe5
Qxe5 21. a5 d4 0-1

[Event "Xmas Glyfada Open"]
[Site "?"]
[Date "2009.12.27"]
[Round "4"]
[White "Hatzopoulos, Ioannis"]
[Black "Geroukalis, Athanasios"]
[Result "0-1"]
[WhiteElo "1643"]
[BlackElo "1958"]
[PlyCount "66"]
[EventDate "2009.??.??"]

1. d4 d5 2. c4 e6 3. Nc3 f5 4. cxd5 exd5 5. g3 Nf6 6. Bg2 c6 7. Nf3 Bd6 8. O-O
O-O 9. Bg5 Nbd7 10. Qc2 h6 11. Bd2 Ne4 12. Ne1 Nxd2 13. Qxd2 Nf6 14. Nd3 Ne4
15. Qc2 Qe8 16. f4 Be6 17. Nxe4 fxe4 18. Nc5 Qe7 19. Nxe6 Qxe6 20. e3 Rac8 21.
Rf2 c5 22. Qb3 cxd4 23. Bh3 Qxh3 24. Qxd5+ Kh8 25. Qxd6 dxe3 26. Re2 Rfd8 27.
Qb4 Qh5 28. Rae1 Rd1 29. Rxd1 Qxe2 30. Qe1 Qf3 31. Rc1 Qf2+ 32. Kh1 Rc2 33. Qg1
Qf3+ 0-1

[Event "Xmas Glyfada Open"]
[Site "?"]
[Date "2009.12.27"]
[Round "4"]
[White "Skalkotas, Nikolaos"]
[Black "Dorfanis, Ilarion"]
[Result "1-0"]
[WhiteElo "2189"]
[BlackElo "2200"]
[PlyCount "53"]
[EventDate "2009.??.??"]

1. c4 Nf6 2. Nc3 e5 3. Nf3 Nc6 4. e3 Bb4 5. Qc2 O-O 6. Bd3 Re8 7. Nd5 h6 8. a3
Bf8 9. h4 Nxd5 10. cxd5 Nb8 11. Bh7+ Kh8 12. Ng5 Qf6 13. Bg8 g6 14. Bxf7 Re7
15. Bxg6 Kg7 16. Bf7 e4 17. d6 Rxf7 18. Nxf7 Qg6 19. Ne5 Qxg2 20. Rf1 Bxd6 21.
d4 Nc6 22. Bd2 Kh7 23. Bc3 Bxe5 24. dxe5 Qf3 25. Qe2 b6 26. Qxf3 exf3 27. O-O-O
1-0

[Event "Xmas Glyfada Open"]
[Site "?"]
[Date "2009.12.27"]
[Round "4"]
[White "Delithanasis, Dimitrios"]
[Black "Psaras, Stilianos"]
[Result "1-0"]
[WhiteElo "2252"]
[BlackElo "2137"]
[PlyCount "57"]
[EventDate "2009.??.??"]

1. d4 e6 2. c4 d5 3. Nf3 c5 4. cxd5 exd5 5. g3 Nc6 6. Bg2 Nf6 7. O-O Be7 8. b3
O-O 9. Bb2 Re8 10. Nc3 cxd4 11. Nb5 Ne4 12. Nbxd4 Bf6 13. Rc1 Bg4 14. Ba1 Rc8
15. Nxc6 bxc6 16. Bxf6 Qxf6 17. Qd3 h6 18. Rfe1 g5 19. Qd4 Qe7 20. Nd2 c5 21.
Qxd5 Nxf2 22. Nc4 Rcd8 23. Qc6 Rd4 24. e3 Nd3 25. exd4 Nxe1 26. Ne5 Nxg2 27.
Nxg4 Ne1 28. Qxe8+ Qxe8 29. Nf6+ 1-0

[Event "Xmas Glyfada Open"]
[Site "?"]
[Date "2009.12.27"]
[Round "4"]
[White "Papadopoulos, Panagiotis"]
[Black "Koerant, Filipos"]
[Result "0-1"]
[WhiteElo "1060"]
[BlackElo "2032"]
[PlyCount "90"]
[EventDate "2009.??.??"]

1. e4 Nf6 2. e5 Nd5 3. c4 Nb6 4. d4 d6 5. exd6 exd6 6. Nc3 Be7 7. Nf3 O-O 8.
Be2 Bf5 9. O-O Bf6 10. Be3 Nc6 11. Re1 Re8 12. h3 h6 13. Bd3 Bxd3 14. Qxd3 d5
15. c5 Nc4 16. b3 Nxe3 17. fxe3 Qd7 18. Re2 Rad8 19. Rf1 Ne7 20. Nd2 Ng6 21. b4
Re7 22. Rfe1 Rde8 23. Nf3 c6 24. a4 Re6 25. Nd1 Qe7 26. g3 h5 27. h4 Qc7 28.
Kg2 Re4 29. Kf2 Ne7 30. Nc3 Nf5 31. Rg1 Nh6 32. Rge1 Qe7 33. Nd1 Qe6 34. Kg2
Qg4 35. Kf2 Qh3 36. Rg1 Qf5 37. Rge1 Bd8 38. Kg2 Bc7 39. Kf2 R8e6 40. Rg1 Rf6
41. Ke1 Qxf3 42. Rf2 Bxg3 43. Rgf1 Ng4 44. Qe2 Bxf2+ 45. Nxf2 Rxe3 0-1

[Event "Xmas Glyfada Open"]
[Site "?"]
[Date "2009.12.27"]
[Round "4"]
[White "Savoglou, Nikolaos"]
[Black "Diatsintos, Ilias"]
[Result "1/2-1/2"]
[WhiteElo "1962"]
[BlackElo "1646"]
[Annotator ",sd"]
[PlyCount "96"]
[EventDate "2009.??.??"]

1. d4 Nf6 2. c4 d5 3. cxd5 Nxd5 4. Nf3 g6 5. e4 Nb6 6. Nc3 Bg7 7. h3 O-O 8. Be2
Nc6 9. Be3 Na5 10. b3 c5 11. Rc1 cxd4 12. Nxd4 Bd7 13. O-O Rc8 14. Qd2 Nc6 15.
Nf3 Be6 16. Qxd8 Rfxd8 17. Nb5 Kf8 18. Nxa7 Nxa7 19. Bxb6 Rxc1 20. Rxc1 Ra8 21.
Ng5 Bd7 22. Nxh7+ Ke8 23. Ng5 Nc8 24. Be3 Rxa2 25. Bc4 Nd6 26. Bd5 Bb2 27. Rd1
e6 28. Bxe6 Bxe6 29. Nxe6 fxe6 30. f3 Ba3 31. Bf4 Nf7 32. Bg3 Bc5+ 33. Kh2 Rb2
34. Rd3 Rb1 35. Bf4 g5 36. Bc7 e5 37. Rd5 Bg1+ 38. Kg3 Bd4 39. Rb5 Be3 40. Bxe5
Nxe5 41. Rxe5+ Kf7 42. Rb5 b6 43. h4 Bf4+ 44. Kg4 Be3 45. hxg5 Rg1 46. f4 Bc5
47. g3 Re1 48. Kf5 Rb1 {....} 1/2-1/2